<?xml version="1.0" encoding="UTF-8"?>
<collection xmlns="http://www.loc.gov/MARC21/slim">
 <record>
  <leader>00707nam a22001935a 4500</leader>
  <controlfield tag="001">EAD.bibadm003540</controlfield>
  <controlfield tag="003">AR-BaBDC</controlfield>
  <controlfield tag="005">20100211094135.0</controlfield>
  <controlfield tag="008">080718s1964####ag############000#0#spa#d</controlfield>
  <datafield tag="245" ind1="1" ind2="0">
   <subfield code="a">Posición del cooperativismo ante la evolución económicaLa evolución de la técnica comercial y las cooperativas /</subfield>
   <subfield code="c">Robert Leclercq, Charles Veverka.</subfield>
  </datafield>
  <datafield tag="260" ind1=" " ind2=" ">
   <subfield code="a">Buenos Aires :</subfield>
   <subfield code="b">INTERCOOP, Editora Cooperativa Ltda.,</subfield>
   <subfield code="c">1964.</subfield>
  </datafield>
  <datafield tag="300" ind1=" " ind2=" ">
   <subfield code="a">72 p.</subfield>
  </datafield>
  <datafield tag="100" ind1="1" ind2=" ">
   <subfield code="a">Leclercq, Robert.</subfield>
  </datafield>
  <datafield tag="700" ind1="1" ind2=" ">
   <subfield code="a">Veverka, Charles.</subfield>
  </datafield>
  <datafield tag="082" ind1="0" ind2="4">
   <subfield code="a">339</subfield>
  </datafield>
  <datafield tag="653" ind1=" " ind2=" ">
   <subfield code="a">Desarrollo cooperativo</subfield>
  </datafield>
  <datafield tag="653" ind1=" " ind2=" ">
   <subfield code="a">Cooperativismo</subfield>
  </datafield>
  <datafield tag="653" ind1=" " ind2=" ">
   <subfield code="a">Comercio internacional</subfield>
  </datafield>
  <datafield tag="859" ind1=" " ind2=" ">
   <subfield code="a">AR-BaBDC</subfield>
   <subfield code="b">BIB. ADMINISTRACION GABCOOP - Libros</subfield>
   <subfield code="h">339</subfield>
   <subfield code="i">L496a2</subfield>
   <subfield code="p">g00238</subfield>
  </datafield>
 </record>
</collection>
